Организация деятельности УИИ Методические рекомендации по подготовке к семинарским и практическим занятиям
Данные методические рекомендации разработаны с целью самостоятельной подготовки обучающихся к семинарским и практическим занятиям по учебной дисциплине «Организация деятельности УИИ». В представленных методических рекомендациях содержатся методические указания по изучению дисциплины планы семинарски...
Uloženo v:
| Médium: | Учебно-методическая литература |
|---|---|
| Vydání: | 1 |
| On-line přístup: | https://znanium.ru/catalog/document?id=459819 https://znanium.ru/cover/2192/2192286.jpg |
| Tagy: |
Přidat tag
Žádné tagy, Buďte první, kdo otaguje tento záznam!
|
| LEADER | 03112nam0a2200313 i 4500 | ||
|---|---|---|---|
| 001 | RU\infra-m\znanium\bibl\2192286 | ||
| 003 | https://znanium.ru/catalog/document?id=459819 | ||
| 005 | 20250121000000.0 | ||
| 100 | |a 20250121d2025 m y0rusy0150 ca | ||
| 101 | 0 | |a rus | |
| 102 | |a RU | ||
| 200 | 1 | |a Организация деятельности УИИ |e Методические рекомендации по подготовке к семинарским и практическим занятиям |e Учебно-методическая литература |f Воронежский государственный технический университет |g Воронежский государственный технический университет | |
| 205 | |a 1 | ||
| 210 | 1 | |a Воронеж |c Издательство «Строки» |d 2024 | |
| 215 | |a 76 с. | ||
| 330 | |a Данные методические рекомендации разработаны с целью самостоятельной подготовки обучающихся к семинарским и практическим занятиям по учебной дисциплине «Организация деятельности УИИ». В представленных методических рекомендациях содержатся методические указания по изучению дисциплины планы семинарских и практических занятий с заданиями глоссарий список рекомендуемой литературы. Методические рекомендации адресованы курсантам слушателям и преподавателям образовательных организаций ФСИН России. | ||
| 333 | |a Профессиональное образование | ||
| 606 | |a Право. Юридические науки |x Уголовно-исполнительное право |2 local | ||
| 608 | |a Учебно-методическая литература |2 local | ||
| 675 | |a 343 |z rus | ||
| 686 | |a 674 |2 rubbk | ||
| 686 | |a 40.03.01 |2 okso | ||
| 686 | |a 40.05.02 |2 okso | ||
| 702 | 1 | |a Кулакова |b Н.Г. |g Надежда Геннадьевна |p Воронежский государственный технический университет |r Составитель | |
| 702 | 1 | |a Присич |b И.В. |g Ирина Владимировна |p Воронежский институт Федеральной службы исполнения наказаний России |r Составитель | |
| 712 | 0 | 2 | |a Воронежский государственный технический университет |
| 801 | 0 | |a RU |b Общество с ограниченной ответственностью «ЗНАНИУМ» |c 20250120 |2 rusmarc | |
| 856 | 4 | |a znanium.ru |m ebs_support@infra-m.ru |n НИЦ ИНФРА-М |u https://znanium.ru/catalog/document?id=459819 | |
| 856 | 4 | 1 | |a znanium.ru |d /cover/2192 |f 2192286.jpg |q image/jpeg |u https://znanium.ru/cover/2192/2192286.jpg |